| 000 | 004700000a22002170004500 | ||
|---|---|---|---|
| 082 |
_aN291.092 _bT569k _cNC |
||
| 538 | _aN | ||
| 518 | _a2008-03-17 | ||
| 530 | _aM | ||
| 100 | _aThapa, Rajeshwar | ||
| 245 | _aKaji Nayansimha Thapa; ek deshbhakta sahid | ||
| 260 |
_aKathmandu _bAbhiman Prakashan, Nepal |
||
| 260 | _c2060 B.S. | ||
| 300 | _a44p. | ||
| 041 | _aNep | ||
| 650 | _aMartyr | ||
| 650 | _aWar | ||
| 651 | _aNepal | ||
| 015 | _aNNB | ||
| 942 | _cGEN | ||
| 999 |
_c44032 _d44032 |
||